|
|
|
|
| LEADER |
02367nam a2200589 a 4500 |
| 001 |
nkc20142650436 |
| 003 |
CZ PrNK |
| 005 |
20150611102639.0 |
| 007 |
ta |
| 008 |
141212s2014 xr a e p 000 0 cze |
| 015 |
|
|
|a cnb002650436
|
| 020 |
|
|
|a 978-80-213-2530-2
|q (brož.)
|
| 035 |
|
|
|a (OCoLC)908820884
|
| 040 |
|
|
|a BOA001
|b cze
|
| 072 |
|
7 |
|a 630
|x Lesnictví
|2 Konspekt
|9 24
|
| 072 |
|
7 |
|a 37.016
|x Učební osnovy. Vyučovací předměty. Učebnice
|2 Konspekt
|9 22
|
| 080 |
|
|
|a 630.2
|2 MRF
|
| 080 |
|
|
|a 630
|2 MRF
|
| 080 |
|
|
|a 630.6/.7
|2 MRF
|
| 080 |
|
|
|a 005.51
|2 MRF
|
| 080 |
|
|
|a (075.8)
|2 MRF
|
| 080 |
|
|
|a (076.5)
|2 MRF
|
| 100 |
1 |
|
|a Šálek, Lubomír,
|d 1956-
|7 mzk2015867304
|4 aut
|
| 245 |
1 |
0 |
|a Hospodářská úprava lesa I. :
|b cvičení - tvorba lesního hospodářského plánu /
|c Lubomír Šálek
|
| 246 |
3 |
0 |
|a Cvičení - tvorba lesního hospodářského plánu
|
| 246 |
3 |
0 |
|a Tvorba lesního hospodářského plánu
|
| 250 |
|
|
|a Vyd. 1.
|
| 260 |
|
|
|a V Praze :
|b Česká zemědělská univerzita,
|c 2014
|
| 300 |
|
|
|a 50 s. :
|b il. (převážně barev.) ;
|c 30 cm +
|e přehled lesních typů v ČR (1 l. ; 30 x 41 cm)
|
| 500 |
|
|
|a Nad názvem: Česká zemědělská univerzita v Praze, Fakulta lesnická a dřevařská
|
| 500 |
|
|
|a 300 výt.
|
| 504 |
|
|
|a Obsahuje bibliografii
|
| 521 |
8 |
|
|a Určeno pro posluchače FLD
|
| 650 |
0 |
7 |
|a pěstování lesa
|7 ph124859
|2 czenas
|
| 650 |
0 |
7 |
|a lesní hospodářství
|7 ph115114
|z Česko
|2 czenas
|
| 650 |
0 |
7 |
|a lesnická ekonomika
|7 ph135547
|2 czenas
|
| 650 |
0 |
7 |
|a plánování
|7 ph382380
|2 czenas
|
| 650 |
0 |
9 |
|a forest cultivation
|2 eczenas
|
| 650 |
0 |
9 |
|a forest management
|z Czechia
|2 eczenas
|
| 650 |
0 |
9 |
|a forest economics
|2 eczenas
|
| 650 |
0 |
9 |
|a planning
|2 eczenas
|
| 655 |
|
7 |
|a učebnice vysokých škol
|7 fd133772
|2 czenas
|
| 655 |
|
7 |
|a praktická cvičení
|7 fd133118
|2 czenas
|
| 655 |
|
9 |
|a textbooks (higher)
|2 eczenas
|
| 655 |
|
9 |
|a problems, exercises, etc
|2 eczenas
|
| 710 |
2 |
|
|a Česká zemědělská univerzita v Praze.
|b Lesnická a dřevařská fakulta
|7 ko2007416980
|
| 910 |
2 |
|
|a BOA001
|b 4-1345.627
|
| 990 |
|
|
|a BK
|
| 995 |
|
|
|a 01
|
| 991 |
|
|
|b 201504
|c NOV
|e n
|
| 996 |
6 |
|
|b 2610629453
|c 4-1345.627
|l MZK
|r Sklad / do 1 hodiny
|n 1
|p p.v.
|w 001500365
|u 000010
|a 1
|e BOA001
|j MZK50
|s P
|
| 996 |
7 |
|
|b 2610635769
|c 4-1345.627
|l MZK
|r Sklad / do 1 hodiny
|n 3
|p kup
|w 001500365
|u 000020
|a 1
|e BOA001
|j MZK50
|s A
|